000 01578nam a2200373Ia 4500
001 ebr10484067
003 CaPaEBR
006 m u
007 cr cn|||||||||
008 110127s2011 ne sb 001 0 eng d
010 _z 2011003713
020 _z9789027208217
020 _z9789027286994
040 _aCaPaEBR
_cCaPaEBR
035 _a(OCoLC)746221677
050 1 4 _aP291
_b.M29 2011eb
082 0 4 _a491.4
_222
100 1 _aManetta, Emily.
245 1 0 _aPeripheries in Kashmiri and Hindi-Urdu
_h[electronic resource] :
_bthe syntax of discourse-driven movement /
_cEmily Manetta.
260 _aAmsterdam ;
_aPhiladelphia :
_bJohn Benjamins,
_c2011.
300 _aix, 160 p.
490 1 _aLanguage faculty and beyond ;
_vv. 4
500 _aOriginally presented as the author's thesis (doctoral-University of California, Santa Cruz) under the title: Peripheries in Kashmiri and Hindi-Urdu.
504 _aIncludes bibliographical references and index.
533 _aElectronic reproduction.
_bPalo Alto, Calif. :
_cebrary,
_d2013.
_nAvailable via World Wide Web.
_nAccess may be limited to ebrary affiliated libraries.
650 0 _aGrammar, Comparative and general
_xSyntax.
650 0 _aKashmiri language
_xSyntax.
650 0 _aHindi language
_xSyntax.
650 0 _aUrdu language
_xSyntax.
655 7 _aElectronic books.
_2local
710 2 _aebrary, Inc.
830 0 _aLanguage faculty and beyond ;
_vv. 4.
856 4 0 _uhttp://site.ebrary.com/lib/rucke/Doc?id=10484067
_zAn electronic book accessible through the World Wide Web; click to view
999 _c223718
_d223718